Els Ajuntaments i la promoció econòmica / Amadeu Petitbó, Carme López
ISBN:
84-7794-069-x
Descripción Física:
231 p. ; 30 cm
Otros Autores:
López, Carmen
MARC
| LEADER | 00000nam a2200000Ia 4500 | ||
|---|---|---|---|
| 001 | 8968 | ||
| 008 | 160829s1989 xx 000 0 cat d | ||
| 020 | |a 84-7794-069-x | ||
| 080 | |a M-1-97 | ||
| 100 | |a Petitbó, Amadeu |9 27948 | ||
| 245 | |a Els Ajuntaments i la promoció econòmica / Amadeu Petitbó, Carme López | ||
| 260 | |a Barcelona : |b Diputació de Barcelona, |c 1989 | ||
| 300 | |a 231 p. ; |c 30 cm | ||
| 650 | |a Administració local |x Aspectes econòmics |x Catalunya |9 28522 | ||
| 650 | 0 | |a Desenvolupament económic |9 28523 | |
| 650 | |a Ocupació |x Catalunya |9 30747 | ||
| 700 | |a López, Carmen |9 28525 | ||
| 901 | |a Arxiu | ||
| 942 | |n 1 | ||
| 952 | |0 0 |1 0 |4 0 |6 M197 |7 1 |9 44849 |a Arxiu |b Arxiu |d 2016-12-01 |l 0 |o M-1-97 |p 8968 |r 2016-12-01 00:00:00 |w 2016-12-01 |y ARXIU | ||
| 999 | |c 47447 |d 47447 | ||